Villes nouvelles en France - Statistiques

Statistiques générales
  • Ce quiz a été pris 47 fois
  • Le résultat moyen est 5 sur 9
Statistiques - réponses
ville nouvelle population région % Correct
Cergy Pontoise 200 000 Île-de-France
82%
Marne la vallée 320 000 Île-de-France
76%
Évry 120 000 Île-de-France
73%
Saint Quentin en Yvelines 230 000 Île-de-France
55%
Sénart 130 000 Île-de-France
52%
Villeneuve-d'Ascq 65 000 Hauts-de-France
52%
Val-de-Reuil 15 000 Normandie
39%
L'Isle-d'Abeau 50 000 Auvergne-Rhône-Alpes
27%
Etang de Berre 105 000 Provence-Alpes-Côte-d'Azur
21%
Aucun quiz correspondant
Distribution des résultats
% des personnes avec chaque résultat
Percentile par nombre de réponses
Votre historique - résultats
Vous n’avez pas pris ce quiz